| 000 | 00967cab a2200181 4500 | ||
|---|---|---|---|
| 001 | L129924 | ||
| 008 | 050606n2005 000 0 eng u | ||
| 035 | _a(Sirsi) u129924 | ||
| 041 | _aeng | ||
| 100 | _aMenary, Steve | ||
| 245 | _aConsolidation nation | ||
| 260 | _c2005 | ||
| 490 |
_aHouseBuilder _v64(5) June 2005,41-45(4) |
||
| 520 | _aAnalysys the EMAP Glenigan first quarter 2005 data survey of who's building where. Focuses on Gladedale's acquisition of Country and Metropolitan as the first major industry deal of 2005 and a further example of the industry's ongoing consolidation. Gladedale now has representation in eight of the UK's 12 regions. Looks at the planning programmes of a number of other major market competitors. Provides top 10 house builder tables for the 12 regions including Northern Ireland, Scotland and Wales. | ||
| 590 | _aIKA070605 | ||
| 690 | _aPROPERTY-RESIDENTIAL PROPERTY-DOMESTIC RESIDENTIAL PROPERTY-HOUSING | ||
| 942 | _n0 | ||
| 999 |
_c75350 _d75350 |
||